• 首页
  • 本馆介绍
  • 公告通知
  • 最新文献
  • 馆藏检索
  • 电子资源
  • 读者导购
  • 参考咨询
  • 我的图书馆
  • 登录
  • 详细信息显示
  • 放入我的书架
  • 预约/预借图书
  • 作者相关作品
  • 分类相关作品
  • 丛书相关作品
  • 出版社相关作品

书目信息

  • 表格格式
  • 工作单格式
  • 卡片格式
题名:
液晶与生物结构
    
 
作者: 布朗 , 沃尔肯 著 ;吴熙载 , 何海平 译
分册:  
出版信息: 北京   科学出版社  1983
页数: 191页
开本: 19cm
丛书名:
单 册:
中图分类: Q61
科图分类:
主题词: 理论生物物理学
电子资源:
ISBN:
000 00696nam0 2200241 45
001 0405250924
005 20040525091901.5
010    @dCNY1.00
091    @a13031.238
100    @a20040525d1983 km y0chiy0120 ea
101 0  @achi@ceng
105    @a z 000yy
200 1  @a液晶与生物结构@AYe Jing Yu Sheng Wu Jie Gou@f(美)G.H.布朗,J.J.沃尔肯著@F(Mei)G.H.Bu Lang,J.J.Wo Er Ken Zhu@g吴熙载,何海平译
210    @a北京@c科学出版社@d1983
215    @a191页@d19cm
606 0  @a理论生物物理学
690    @aQ61@v3
701  0 @a布朗@4著
701  0 @a沃尔肯@4著
702  0 @a吴熙载@AWu Xi Zai@4译
702  0 @a何海平@AHe Hai Ping@4译
801    @aCN@bTSTCL@c20040525
905    @f1@b98562@dQ61@e3
    
    液晶与生物结构/(美)G.H.布朗,J.J.沃尔肯著/吴熙载,何海平译.-北京:科学出版社,1983
    191页;19cm
    
    
    ISBN :CNY1.00
    
●
相关链接 在E读中查询图书 在五车中查询图书 在当当中查询图书 在豆瓣中查询图书


正题名:液晶与生物结构     索取号:Q61/3         预约/预借

序号 登录号 条形码 馆藏地/架位号 状态 备注
1 0098562   000702804   第三借阅区/ [索取号:Q61/3] 在馆    
2 0098563   202449724   第二样本阅览室/ [索取号:Q61/3] 在馆    
唐山师范学院图书馆 欢迎您!
大连网信软件有限公司© 版权所有